Catálogo
 En Linea

Haciendas de caña instaladas en el pais en los años del 1975 al 1882. (Registro nro. 31968)

Detalles MARC
000 -CABECERA
campo de control de longitud fija 00292nam a2200097 a 4500
005 - FECHA Y HORA DE LA ÚLTIMA TRANSACCIÓN
campo de control 20200930065648.0
008 - DATOS DE LONGITUD FIJA--INFORMACIÓN GENERAL
campo de control de longitud fija 110718s2004 000 spa d
040 ## - FUENTE DE LA CATALOGACIÓN
Centro catalogador/agencia de origen DO-SdBNP
245 #0 - MENCIÓN DE TÍTULO
Título Haciendas de caña instaladas en el pais en los años del 1975 al 1882.
260 ## - PUBLICACIÓN, DISTRIBUCIÓN, ETC.
Lugar de publicación, distribución, etc. [Santo Domingo],
Fecha de publicación, distribución, etc. [19uu].

No hay ítems disponibles.

Con tecnología Koha